Poésie à trous : Demain, dès l’aube - Victor Hugo - Statistiques

Statistiques générales
  • Ce quiz a été pris 207 fois
  • Le résultat moyen est 9 sur 12
Statistiques - réponses
Poème Demain, dès l'aube... % Correct
Demain, dès l'aube... Demain, dès l’aube, à l’heure où blanchit {la} {campagne},
98%
Demain, dès l'aube... Je partirai. Vois-tu, je sais que {tu} {m}’{attends}.
91%
Demain, dès l'aube... Je ne puis demeurer {loin} {de} {toi} plus longtemps.
87%
Demain, dès l'aube... Et quand j’arriverai, je mettrai sur {ta} {tombe}
85%
Demain, dès l'aube... Je marcherai {les} {yeux} fixés sur mes pensées,
79%
Demain, dès l'aube... J’irai par {la} {forêt}, j’irai par la montagne.
75%
Demain, dès l'aube... Triste, et le jour pour moi sera {comme} {la} {nuit}.
70%
Demain, dès l'aube... Un bouquet de houx vert et de bruyère {en} {fleur}.
70%
Demain, dès l'aube... Sans rien voir au dehors, sans entendre {aucun} {bruit},
61%
Demain, dès l'aube... Ni les voiles au loin descendant vers {Harfleur},
59%
Demain, dès l'aube... Seul, inconnu, le {dos} {courbé}, les mains croisées,
58%
Demain, dès l'aube... Je ne regarderai ni {l}’{or} {du} {soir} qui tombe,
41%
Aucun quiz correspondant
Distribution des résultats
% des personnes avec chaque résultat
Percentile par nombre de réponses
Votre historique - résultats
Vous n’avez pas pris ce quiz